00980nam a22002777a 450000500170000001000110001702000070002803500110003503700160004604000120006208200080007410000300008224501250011224600060023726000320024327000430027530000240031850000510034265000290039365000220042265000620044465000320050694200220053899900190056095201230057920170124105925.0 a113729 c00 a113729 bCen Lib/Ret aDPLbEN a090 aCollison, Robert L.96202 aBook collecting :cby robert L. Collison ban introduction to modern methods of literary and bibliographical detection / b  bErnest Benn c1957aLondon  bLondon abouverie house, fleet street  axv, 244p.c18cm(Hb) aIncludes bibliographical references and index  aLiterary research 96203 aTechniques 96204 aसाहित्यिक अनुसंधान9717 aतकनीकों96205 2ddccENh090mCOL c123454d123454 001040718REFaLbLd2015-06-06eCen Lib/Retg0.00l0o090 COLp113729r2015-06-06 00:00:00t1v0.00w2015-06-06yEN